00501nam a2200169 a 450000100080000000500110000800800410001910000170006024500640007726000370014130000090017852000790018765300110026665300140027765300200029165300200031110114802016-08-11 1981 bl uuuu u0uu1 u #d1 aMARANGON, B. aEstratégia de ação no trabalho com grupos no meio rural. aBelo Horizonte : EMATER-MGc1981 a9 p. aProposta elaborada para o seminário sobre supervisão em extensão rural. aEMATER aEMATER-ES aEspírito Santo aExtensão rural